000 00437nam a2200157Ia 4500
008 221030s9999 xx 000 0 und d
020 _a812970210x
041 _aEnglish
082 _a105.23
_bMar
100 _aG. M. Marakas
245 0 _aModern Data Warehousing, Mining, & Visulazation ( DEPARTMENTAL )
_cby G. M. Marakas
260 _bPearson Educaiton
_aNew Delhi
_c2003
300 _a274
650 _aCSE Departmental
942 _cBK
999 _c2068
_d2068